000 00783nas a2200253Ia 4500
001 R016/42645
003 IT-RoPAU
008 151124c99999999xx |||||||||||| ||und||
040 _aIT-RoPAU
040 _cIT-RoPAU
041 _aITALIANO
100 _aCappabianca Alessandro
_gCodice Aut. SPICS: 8481
210 _aFICTION
222 _aFiction
245 _aFICTION, ANNO 04-N.05 (1980)
_bSpettacolo Del Sacrificio
250 _a1a ed.
260 _aROMA
_bFICTION
_c1980
501 _bPaulus - SPICS - Società San Paolo EM (non-commercial uses only)
_cCopyright2015
300 _a6 p. [18-23]
362 _aANNO 004, N.05 (1980)
500 _aSpettacolo della Morte e dell'Ascesi. Sacrificio Irripetibile.
650 _aCINEMA
_vPUBBLICAZIONE PERIODICA
942 _cCR
999 _c115802
_d115802